Chapter 11 Climate Change Adaptation and African Cities (Record no. 7784)
[ view plain ]
| 000 -LEADER | |
|---|---|
| fixed length control field | 00703nam a2200121Ia 4500 |
| 008 - FIXED-LENGTH DATA ELEMENTS--GENERAL INFORMATION | |
| fixed length control field | 220615s9999||||xx |||||||||||||| ||und|| |
| 100 ## - MAIN ENTRY--PERSONAL NAME | |
| Personal name | Gore, Christopher |
| 245 #0 - TITLE STATEMENT | |
| Title | Chapter 11 Climate Change Adaptation and African Cities |
| Remainder of title | Understanding the Impact of Government and Governance on Future Action |
| 546 ## - LANGUAGE NOTE | |
| Language note | English[eng] |
| 650 ## - SUBJECT ADDED ENTRY--TOPICAL TERM | |
| Topical term or geographic name entry element | Cities||Climate Change||Environmental Policy||Environmental Politics||Global Environmental Governance||Institutions||Networks||Urbanization||Urban Politics||Urban Sustainability |
| 856 ## - ELECTRONIC LOCATION AND ACCESS | |
| Uniform Resource Identifier | <a href="https://library.oapen.org/bitstream/20.500.12657/46458/1/9781317680062-ch11.pdf||https://library.oapen.org/bitstream/20.500.12657/46458/1/9781317680062-ch11.pdf">https://library.oapen.org/bitstream/20.500.12657/46458/1/9781317680062-ch11.pdf||https://library.oapen.org/bitstream/20.500.12657/46458/1/9781317680062-ch11.pdf</a> |
| 942 ## - ADDED ENTRY ELEMENTS (KOHA) | |
| Koha item type | E-Books |
| Withdrawn status | Lost status | Damaged status | Not for loan | Home library | Current library | Date acquired | Total Checkouts | Date last seen | Price effective from | Koha item type |
|---|---|---|---|---|---|---|---|---|---|---|
| Kerala University of Digital Sciences, Innovation and Technology Knowledge Centre | Kerala University of Digital Sciences, Innovation and Technology Knowledge Centre | 15/06/2022 | 15/06/2022 | 15/06/2022 | E-Books |